| 000 | 01196cam a2200325 i 4500 | ||
|---|---|---|---|
| 001 | 15884107 | ||
| 003 | EG-ScBUE | ||
| 005 | 20240610103404.0 | ||
| 008 | 090827s2008 enka f b f001 0 eng d | ||
| 020 | _a9780521720267 | ||
| 040 |
_aBTCTA _beng _erda _cBTCTA _dYDXCP _dBWX _dCOD _dOCLCQ _dNLE _dCDX _dDLC _dEG-ScBUE |
||
| 043 | _af-sa--- | ||
| 082 | 0 | 4 |
_222 _a968 _bROS |
| 100 | 1 |
_aRoss, Robert, _d1949 July 26- _eauthor. |
|
| 245 | 1 | 2 |
_aA concise history of South Africa / _cRobert Ross. |
| 250 | _aSecond edition. | ||
| 264 | 1 |
_aCambridge ; _aNew York : _bCambridge University Press, _c2008. |
|
| 300 |
_axx, 251 pages : _billustrations ; _c22 cm. |
||
| 336 |
_2rdacontent _atext _btxt |
||
| 337 |
_aunmediated _2rdamedia _bn |
||
| 338 |
_avolume _bnc _2rdacarrier |
||
| 490 | 0 | _aCambridge concise histories | |
| 504 | _aIncludes bibliographical references and index. | ||
| 651 | 7 |
_aSouth Africa _xHistory. _2BUEsh |
|
| 653 |
_bGGEN _cJune2018 |
||
| 655 | _vReading book | ||
| 856 | 4 | 1 |
_3Table of contents only _uhttp://www.loc.gov/catdir/enhancements/fy0916/2009281344-t.html |
| 856 | 4 | 2 |
_3Publisher description _uhttp://www.loc.gov/catdir/enhancements/fy0916/2009281344-d.html |
| 942 |
_2ddc _cBB |
||
| 999 |
_c26805 _d26777 |
||